Jeu du pays le plus peuplé Frontalier - Statistiques

Statistiques générales
  • Ce quiz a été pris 155 fois
    120 depuis la dernière actualisation
  • Le résultat moyen est 124 sur 152
Réponses sur la Carte
Les réponses sont colorées sur une échelle allant du rouge au vert en fonction du pourcentage des utilisateurs qui les ont devinées à leur premier essai. Vous pouvez retrouver ces pourcentages ci-dessous.
 
Statistiques - réponses
Pays % Correct
Inde
100%
Chine
98%
Pakistan
94%
Arabie Saoudite
90%
Iran
90%
Oman
90%
Turquie
90%
Canada
88%
Egypte
88%
Emirats Arabes Unis
88%
Ethiopie
88%
Irak
88%
Israël
88%
Jordanie
88%
Kenya
88%
Ouganda
88%
Soudan
88%
Syrie
88%
Tanzanie
88%
Yemen
88%
Afrique Du Sud
86%
Albanie
86%
Algerie
86%
Allemagne
86%
Angola
86%
Argentine
86%
Autriche
86%
Belize
86%
Bolivie
86%
Bosnie-Herzégovine
86%
Botswana
86%
Bresil
86%
Bulgarie
86%
Cameroun
86%
Chili
86%
Colombie
86%
Congo
86%
Costa Rica
86%
Croatie
86%
Equateur
86%
Espagne
86%
Eswatini
86%
Etats-Unis
86%
France
86%
Grece
86%
Guatemala
86%
Guyana
86%
Honduras
86%
Hongrie
86%
Italie
86%
Kosovo
86%
Lesotho
86%
Liechtenstein
86%
Macédoine du Nord
86%
Malawi
86%
Maroc
86%
Mexique
86%
Monténégro
86%
Mozambique
86%
Namibie
86%
Nicaragua
86%
Niger
86%
Nigeria
86%
Panama
86%
Paraguay
86%
Perou
86%
Pologne
86%
Rép. du Congo
86%
Roumanie
86%
Russie
86%
Salvador
86%
Serbie
86%
Slovenie
86%
Suisse
86%
Suriname
86%
Ukraine
86%
Uruguay
86%
Venezuela
86%
Zambie
86%
Zimbabwe
86%
Biélorussie
82%
Estonie
82%
Lettonie
82%
Lituanie
82%
Moldavie
82%
République tchèque
82%
Saint-Marin
82%
Slovaquie
82%
Vatican
82%
Kirghizistan
78%
Ouzbekistan
78%
Afghanistan
76%
Arménie
76%
Azerbaïdjan
76%
Corée du Nord
76%
Corée du Sud
76%
Finlande
76%
Géorgie
76%
Kazakhstan
76%
Mongolie
76%
Norvege
76%
Suede
76%
Tadjikistan
76%
Turkmenistan
76%
Belgique
75%
Burundi
75%
Pays-Bas
75%
Andorre
73%
Bangladesh
73%
Benin
73%
Bhoutan
73%
Brunei
73%
Burkina Faso
73%
Cambodge
73%
Côte d'Ivoire
73%
Danemark
73%
Djibouti
73%
Erythrée
73%
Gabon
73%
Gambie
73%
Ghana
73%
Guinée
73%
Guinée-Bissau
73%
Guinée équatoriale
73%
Indonésie
73%
Koweït
73%
Laos
73%
Liban
73%
Libéria
73%
Libye
73%
Luxembourg
73%
Malaisie
73%
Mali
73%
Mauritanie
73%
Myanmar
73%
Népal
73%
Papouasie-Nouvelle-Guinée
73%
Portugal
73%
Qatar
73%
Rép. Centrafricaine
73%
Rwanda
73%
Sénégal
73%
Sierra Leone
73%
Somalie
73%
Soudan du Sud
73%
Tchad
73%
Thaïlande
73%
Timor Oriental
73%
Togo
73%
Tunisie
73%
Viêt Nam
73%
Monaco
71%
Aucun quiz correspondant
Distribution des résultats
% des personnes avec chaque résultat
Percentile par nombre de réponses
Votre historique - résultats
Vous n’avez pas pris ce quiz depuis la dernière actualisation